| 000 -ლიდერი |
| ფიქსირებული სიგრძის საკონტროლო ველი |
02144nam a22002777a 4500 |
| 003 - საკონტროლო ნომრის იდენტიფიკატორი |
| საკონტროლო ველი |
Ge_BSU |
| 005 - ბოლო ოპერაციის თარიღი და დრო |
| საკონტროლო ველი |
20190920154434.0 |
| 008 - ფიქსირებული სიგრძის მონაცემთა ელემენტები - ზოგადი ინფორმაცია |
| ფიქსირებული სიგრძის საკონტროლო ველი |
190920s2016 ge ||||| |||| 00| 0 geo d |
| 020 ## - წიგნის საერთაშორისო სტანდარტული ნომერი |
| International Standard Book Number |
9789941097256 |
| 041 ## - ენის კოდი |
| Language code of text/sound track or separate title |
geo |
| 080 ## - უნივერსალური ათობითი კლასიფიკაციის ინდექსი |
| Universal Decimal Classification number |
81 '24(072) +81 '373 ბ-18 |
| 100 ## - მთავარი ჩანაწერი - პიროვნების სახელი |
| Personal name |
მაკენდრიუსი, სტეფანი ლ. |
| 9 (RLIN) |
4196 |
| 245 ## - ცნობა სათაურის შესახებ |
| Title |
წიგნიერების დიაგნოსტიკური შეფასება და სწავლების სტრატეგიები: რესურსი წიგნიერების სპეციალისტისთვის / |
| Statement of responsibility, etc |
სტეფანი ლ. მაკენდრიუსი ; მთარგმ : ქეთევან გოჩიტაშვილი, ნათია გორგაძე ; რედ : კახა გაბუნია. |
| 264 ## - წარმოების, გამოცემის, დისტრიბუციის და სხვა ცნობები |
| გამოცემის, წარმოების, დისტრიბუციის... ადგილი |
თბილისი, |
| გამოცემის, წარმოების, დისტრიბუციის... თარიღი |
2016. |
| 300 ## - ფიზიკური აღწერა |
| Extent |
296 გვ. : |
| Dimensions |
29 სმ. |
| 504 ## - BIBLIOGRAPHY, ETC. NOTE |
| Bibliography, etc |
ბიბლიოგრ.: გვ. 289-296. |
| 521 ## - TARGET AUDIENCE NOTE |
| Target audience note |
წიგნი ითარგმნა Tempus-ის (ევროკომისია) საერთაშორისო პროექტის ”მულტილინგვურ მასწავლებელთა მომზადების პროგრამების შექმნა და დანერგვა საქართველოსა და უკრაინის უნივერსიტეტებში” ფარგლებში. |
| 653 ## - INDEX TERM--UNCONTROLLED |
| Uncontrolled term |
ენის სწავლების მეთოდიკა |
| 653 ## - INDEX TERM--UNCONTROLLED |
| Uncontrolled term |
ენის ლექსიკა |
| 653 ## - INDEX TERM--UNCONTROLLED |
| Uncontrolled term |
ფონოლოგია |
| 653 ## - INDEX TERM--UNCONTROLLED |
| Uncontrolled term |
მეტყველების განვითარება მოსწავლეებში |
| 700 ## - ADDED ENTRY--PERSONAL NAME |
| Personal name |
გოჩიტაშვილი, ქეთევან |
| Relator term |
მთარგმნელი |
| 9 (RLIN) |
4197 |
| 700 ## - ADDED ENTRY--PERSONAL NAME |
| Personal name |
გორგაძე , ნათია |
| Relator term |
მთარგმნელი |
| 9 (RLIN) |
4198 |
| 700 ## - ADDED ENTRY--PERSONAL NAME |
| Personal name |
გაბუნია , კახა |
| Relator term |
რედაქტორი |
| 9 (RLIN) |
4175 |
| 942 ## - ADDED ENTRY ELEMENTS (KOHA) |
| Source of classification or shelving scheme |
|
| Koha item type |
წიგნი |